Catálogo
 En Linea

Estructura ocupacional de los sectores : (Registro nro. 46067)

Detalles MARC
000 -CABECERA
campo de control de longitud fija 00593nam a2200145 a 4500
001 - NÚMERO DE CONTROL
campo de control 000046578
005 - FECHA Y HORA DE LA ÚLTIMA TRANSACCIÓN
campo de control 20250204123118.0
008 - DATOS DE LONGITUD FIJA--INFORMACIÓN GENERAL
campo de control de longitud fija 150827s1994 dr 000 0 spa d
040 ## - FUENTE DE LA CATALOGACIÓN
Centro catalogador/agencia de origen DO-SdBNP
Lengua de catalogación spa
Centro/agencia transcriptor BNPHU
245 00 - MENCIÓN DE TÍTULO
Título Estructura ocupacional de los sectores :
Resto del título turismo, zonas francas, y agroindustriales /.
260 ## - PUBLICACIÓN, DISTRIBUCIÓN, ETC.
Lugar de publicación, distribución, etc. Santo Domingo :
Nombre del editor, distribuidor, etc. FUNDAPEC,
Fecha de publicación, distribución, etc. 1994.
300 ## - DESCRIPCIÓN FÍSICA
Extensión 87 p. ;
Dimensiones 33 cm.
500 ## - NOTA GENERAL
Nota general Programa de cooperación técnica para el fortalecimiento del sistema de enseñanza, técnico - vocacional en República Dominicana (BID-FUNDAPEC)
710 2# - PUNTO DE ACCESO ADICIONAL--NOMBRE DE ENTIDAD CORPORATIVA
Nombre de entidad corporativa o nombre de jurisdicción como elemento de entrada FUNDAPEC (Organización)
9 (RLIN) 74563
Existencias
Estado de retiro Estado de pérdida No para préstamo Código de colección Localización permanente Ubicación/localización actual Ubicación en estantería Fecha de adquisición Número de inventario Total de préstamos Signatura topográfica completa Código de barras Fecha visto por última vez Precio válido a partir de Tipo de ítem Koha Nota pública
    Excluido de préstamo Patrimonio Dominicano Patrimonio Dominicano Patrimonio Dominicano Depósito 27.08.2015 LF1   46578-10 25.06.2020 25.06.2020 Libro y Folleto Colección Patrimonio Dominicano Perteneció a la biblioteca personal de Chiqui Vicioso / Fidelio Despradel.

Con tecnología Koha